Cellules sanguines - Statistiques

Statistiques générales
  • Ce quiz a été pris 172 fois
  • Le résultat moyen est 4 sur 8
Statistiques - réponses
Réponses % Correct
plaquettes
72%
lymphocytes
67%
globules rouges
65%
leucocytes
50%
monocytes
44%
polynucléaire neutrophiles
43%
polynucléaires basophiles
41%
polynucléaires éosinophiles
40%
Aucun quiz correspondant
Distribution des résultats
% des personnes avec chaque résultat
Percentile par nombre de réponses
Votre historique - résultats
Vous n’avez pas pris ce quiz